Trenerzy Borussi Dortmund w XXI w. - Statystyki

Ogólne statystyki
  • Ten quiz został rozwiązany 28 razy
  • Średni wynik to 8 z 14
Statystyki odpowiedzi
Rok prowadzenia BVB Imię i Nazwisko % Poprawnych
1 lip 2008 - 30 cze 2015 Jurgen Klopp
100%
1 lip 2022 - 30 cze 2024 Edin Terzic
81%
29 gru 2020 - 30 cze 2021 Edin Terzic
81%
13 gru 2020 - 28 gru 2020 Edin Terzic
81%
14 cze 2024 - obecnie Nuri Sahin
81%
1 lip 2015 - 30 cze 2017 Thomas Tuchel
77%
1 lip 2018 - 13 gru 2020 Lucien Favre
62%
1 lip 2021 - 20 maj 2022 Marco Rose
54%
1 lip 2017 - 9 gru 2017 Peter Bosz
54%
1 lip 2000 - 30 cze 2004 Matthias Sammer
35%
10 gru 2017 - 30 cze 2018 Peter Stoger
23%
13 mar 2007 - 30 cze 2008 Thomas Doll
15%
1 lip 2004 - 18 gru 2006 Bert van Marwijk
12%
19 gru 2006 - 12 mar 2007 Jurgen Rober
8%
Nie znaleziono quizów pasujących do podanych kryteriów
Rozkład punktacji
Procent ludzi z każdym wynikiem
Percentyl według liczby udzielonych odpowiedzi
Twoja historia wyników
Nie rozwiązałeś tego quizu